[Event "España tch División de Honor 2014"]
[Site "Linares ESP"]
[Date "2014.09.09"]
[Round "6.2"]
[White "Iturrizaga Bonelli, Eduardo"]
[Black "Ivanchuk, Vassily"]
[Result "1/2-1/2"]
[WhiteElo "2660"]
[BlackElo "2726"]
[PlyCount "61"]
[EventDate "2014.09.04"]
[EventType "team-tourn"]
[EventRounds "7"]
[EventCountry "ESP"]
[Source "lmi"]
[SourceDate "2014.09.04"]
[WhiteTeam "EQUIGOMA -  CASA SOCIAL CATOLICA"]
[BlackTeam "MERIDA PATRIMONIO DE LA HUMANIDAD"]

1. Nf3 Nf6 2. c4 c5 3. Nc3 d5 4. cxd5 Nxd5 5. Qb3 e6 6. g3 Nc6 7. Bg2 Be7 8.
O-O O-O 9. Rd1 Nb6 10. d3 e5 11. e3 Bg4 12. h3 Be6 13. Qc2 Rc8 14. Qe2 Qd7 15.
Kh2 Rfd8 16. b3 f6 17. Bb2 Bf7 18. Rd2 Bf8 19. Rad1 Re8 20. Nh4 Nd5 21. Be4
Rcd8 22. Qf3 b6 23. Rg1 g6 24. g4 Bg7 25. Qg2 Kh8 26. Ne2 Nde7 27. Rgd1 Bd5 28.
Nf3 Qc8 29. Ng3 Bxe4 30. dxe4 h6 31. Qf1 1/2-1/2

[Event "España tch División de Honor 2014"]
[Site "Linares ESP"]
[Date "2014.09.09"]
[Round "6.2"]
[White "Arizmendi Martinez, Julen Luis"]
[Black "Kryvoruchko, Yuriy"]
[Result "0-1"]
[WhiteElo "2544"]
[BlackElo "2708"]
[PlyCount "92"]
[EventDate "2014.09.04"]
[EventType "team-tourn"]
[EventRounds "7"]
[EventCountry "ESP"]
[Source "lmi"]
[SourceDate "2014.09.04"]
[WhiteTeam "EQUIGOMA -  CASA SOCIAL CATOLICA"]
[BlackTeam "MERIDA PATRIMONIO DE LA HUMANIDAD"]

1. d4 Nf6 2. c4 e6 3. Nc3 Bb4 4. e3 O-O 5. Bd3 d5 6. cxd5 exd5 7. Nge2 Re8 8.
Bd2 c5 9. a3 Bxc3 10. Bxc3 c4 11. Bc2 Nc6 12. Ng3 b5 13. O-O a5 14. e4 dxe4 15.
d5 Ne5 16. Nxe4 Nxd5 17. Bxe5 Rxe5 18. Qd4 Re8 19. Rad1 Be6 20. Qc5 b4 21. Ba4
Rc8 22. Bc6 Qc7 23. Bxe8 Qxc5 24. Nxc5 Rxc5 25. axb4 axb4 26. Rfe1 g6 27. Ba4
c3 28. bxc3 Nxc3 29. Ra1 b3 30. Rxe6 b2 31. Re8+ Kg7 32. Rae1 Nxa4 33. Rb8 Rc2
34. Kf1 Nc3 35. Rb3 f5 36. Rb7+ Kf6 37. Rb6+ Kg5 38. f3 f4 39. Rb4 Kh6 40. Rb3
Nd5 41. Kg1 Ne3 42. g3 Nc4 43. Rb4 Nd2 44. Kg2 b1=Q 45. Rexb1 Nxb1+ 46. Kh3 Nd2
0-1

[Event "España tch División de Honor 2014"]
[Site "Linares ESP"]
[Date "2014.09.09"]
[Round "6.2"]
[White "Berkes, Ferenc"]
[Black "Castellanos Rodriguez, Renier"]
[Result "1-0"]
[WhiteElo "2649"]
[BlackElo "2465"]
[PlyCount "177"]
[EventDate "2014.09.04"]
[EventType "team-tourn"]
[EventRounds "7"]
[EventCountry "ESP"]
[Source "lmi"]
[SourceDate "2014.09.04"]
[WhiteTeam "MERIDA PATRIMONIO DE LA HUMANIDAD"]
[BlackTeam "EQUIGOMA -  CASA SOCIAL CATOLICA"]

1. d4 Nf6 2. c4 e6 3. Nc3 c5 4. d5 exd5 5. cxd5 d6 6. Nf3 g6 7. e4 a6 8. a4 Bg4
9. Be2 Bxf3 10. Bxf3 Bg7 11. O-O Nbd7 12. Bg5 O-O 13. Qd2 Re8 14. Rfe1 Qe7 15.
h3 h5 16. a5 Qf8 17. Bd1 b5 18. axb6 Nxb6 19. Ba4 Nxa4 20. Rxa4 Reb8 21. Rea1
Rb4 22. Qe2 Re8 23. f3 Nh7 24. Bf4 f5 25. Rxa6 fxe4 26. Bxd6 exf3 27. Qxf3 Qxf3
28. gxf3 Ng5 29. Ra8 Rxa8 30. Rxa8+ Kh7 31. Rb8 Nxf3+ 32. Kf2 Ne5 33. Rxb4 cxb4
34. Ne4 Nd3+ 35. Ke2 Nxb2 36. Bxb4 Nc4 37. Ng5+ Kg8 38. Kd3 Ne5+ 39. Ke4 Nd7
40. Be7 Bh6 41. Nf3 Kf7 42. d6 Bf8 43. Ng5+ Ke8 44. Bxf8 Nxf8 45. Kd5 Kd7 46.
h4 Ke8 47. Kc6 Kd8 48. Nf7+ Ke8 49. Ng5 Kd8 50. Kc5 Ke8 51. Kd4 Nd7 52. Kd5 Nf8
53. Ne6 Nd7 54. Kc6 Ne5+ 55. Kc7 Kf7 56. Nf4 Kf6 57. Nd5+ Ke6 58. Nb4 Nd7 59.
Nd3 Nf6 60. Kc6 Kf5 61. Nc5 Kf4 62. Nd3+ Kg4 63. Nf2+ Kf4 64. Nh3+ Kf5 65. Ng5
Ng4 66. Nh7 Ke6 67. Kc7 Ne5 68. Ng5+ Kf5 69. Kb7 Kf4 70. Kc7 Kf5 71. Nh3 Kg4
72. Nf2+ Kf5 73. Nh3 Kg4 74. Ng1 Kf5 75. Ne2 Kg4 76. Nd4 Kxh4 77. Nf3+ Nxf3 78.
d7 Kg3 79. d8=Q g5 80. Qd6+ Kg2 81. Qe6 g4 82. Kd6 Kf2 83. Qa2+ Kg3 84. Kd5 h4
85. Ke4 h3 86. Ke3 h2 87. Qf2+ Kh3 88. Kf4 h1=N 89. Qf1+ 1-0

[Event "España tch División de Honor 2014"]
[Site "Linares ESP"]
[Date "2014.09.09"]
[Round "6.2"]
[White "Corral Blanco, Juan Antonio"]
[Black "Illescas Cordoba, Miguel"]
[Result "1-0"]
[WhiteElo "2439"]
[BlackElo "2617"]
[PlyCount "145"]
[EventDate "2014.09.04"]
[EventType "team-tourn"]
[EventRounds "7"]
[EventCountry "ESP"]
[Source "lmi"]
[SourceDate "2014.09.04"]
[WhiteTeam "EQUIGOMA -  CASA SOCIAL CATOLICA"]
[BlackTeam "MERIDA PATRIMONIO DE LA HUMANIDAD"]

1. Nf3 g6 2. c4 Bg7 3. Nc3 c5 4. g3 Nc6 5. Bg2 b6 6. O-O Bb7 7. e3 Bxc3 8. bxc3
f5 9. d3 Nf6 10. Re1 Na5 11. e4 fxe4 12. dxe4 Qc7 13. Bf4 Qc6 14. Ne5 Qe6 15.
Nf3 h6 16. e5 Nh5 17. Be3 Bc6 18. Qd3 Nxc4 19. Bc1 O-O-O 20. Bf1 Na5 21. Nd2
Rdf8 22. c4 Bb7 23. Bb2 Rh7 24. Bc3 Nc6 25. Bg2 Qf5 26. Qe3 Ng7 27. Be4 Qf7 28.
Bd5 Ne6 29. f4 Qe8 30. Rf1 Nc7 31. Be4 Nd8 32. a4 Bxe4 33. Nxe4 Qf7 34. Qd3 Qe6
35. a5 Rhf7 36. axb6 axb6 37. Rfb1 Qc6 38. Rb3 Nde6 39. Qb1 Kb7 40. Ba5 Na8 41.
Bxb6 Nxb6 42. Qa2 Rb8 43. Rxb6+ Qxb6 44. Rb1 Qxb1+ 45. Qxb1+ Kc7 46. Qa2 Kd8
47. Qa5+ Ke8 48. Nxc5 Nxc5 49. Qxc5 e6 50. Qc7 Ra8 51. c5 Kf8 52. Kg2 Re7 53.
Qd6 Rc8 54. g4 Rc6 55. Qd4 Rf7 56. h4 Kg8 57. Kg3 Rc8 58. Qd3 Rg7 59. Qd6 Rf7
60. h5 gxh5 61. f5 Rc6 62. Qb8+ Rf8 63. Qb7 exf5 64. Qxd7 Rg6 65. e6 Rxg4+ 66.
Kf3 Ra8 67. Qf7+ Kh8 68. Qf6+ Kg8 69. e7 Ra3+ 70. Kf2 Rf4+ 71. Kg2 Ra2+ 72. Kg1
Rg4+ 73. Kh1 1-0

[Event "España tch División de Honor 2014"]
[Site "Linares ESP"]
[Date "2014.09.09"]
[Round "6.2"]
[White "Korneev, Oleg"]
[Black "Guerrero Vargas, Andres"]
[Result "1-0"]
[WhiteElo "2581"]
[BlackElo "2303"]
[PlyCount "75"]
[EventDate "2014.09.04"]
[EventType "team-tourn"]
[EventRounds "7"]
[EventCountry "ESP"]
[Source "lmi"]
[SourceDate "2014.09.04"]
[WhiteTeam "MERIDA PATRIMONIO DE LA HUMANIDAD"]
[BlackTeam "EQUIGOMA -  CASA SOCIAL CATOLICA"]

1. e4 c5 2. Nf3 e6 3. c3 Nf6 4. e5 Nd5 5. d4 cxd4 6. cxd4 d6 7. Bc4 Nc6 8. O-O
Be7 9. Qe2 O-O 10. Rd1 Na5 11. b3 a6 12. h3 Re8 13. Bd2 Bd7 14. Bd3 Nc6 15. Nc3
Ncb4 16. Nxd5 Nxd5 17. Qe4 g6 18. h4 Bb5 19. Bc4 Qd7 20. h5 Bxc4 21. bxc4 f5
22. Qe2 Nc7 23. exd6 Bxd6 24. Ne5 Qg7 25. h6 Qf6 26. Bf4 Rad8 27. Qe3 Be7 28.
Nf3 Rc8 29. a4 Na8 30. Rab1 Rxc4 31. Bg5 f4 32. Qb3 Qf5 33. Bxe7 b5 34. axb5
axb5 35. Qxb5 Qxb5 36. Rxb5 Nc7 37. Rc5 Rxc5 38. Bxc5 1-0

[Event "España tch División de Honor 2014"]
[Site "Linares ESP"]
[Date "2014.09.09"]
[Round "6.3"]
[White "Rakhmanov, Aleksandr"]
[Black "Narciso Dublan, Marc"]
[Result "1-0"]
[WhiteElo "2626"]
[BlackElo "2524"]
[PlyCount "97"]
[EventDate "2014.09.04"]
[EventType "team-tourn"]
[EventRounds "7"]
[EventCountry "ESP"]
[Source "lmi"]
[SourceDate "2014.09.04"]
[WhiteTeam "ESCOLA D'ESCACS DE BARCELONA"]
[BlackTeam "C. E.  BARBERA"]

1. Nf3 Nf6 2. g3 d5 3. Bg2 Bf5 4. c4 e6 5. Qb3 Na6 6. d3 Nc5 7. Qc2 c6 8. Nh4
Bg4 9. h3 Bh5 10. Nd2 Be7 11. g4 Nfd7 12. Nhf3 Bg6 13. b4 Na6 14. a3 c5 15.
bxc5 Naxc5 16. Bb2 Bf6 17. O-O O-O 18. Rab1 Rc8 19. Bxf6 Qxf6 20. Qb2 Qe7 21.
Qd4 Rfe8 22. cxd5 exd5 23. Rfe1 Nb6 24. Nf1 Ne6 25. Qb4 Rc2 26. Ne3 Ra2 27.
Qxe7 Rxe7 28. Ra1 Rxa1 29. Rxa1 Rc7 30. Ra2 Rc5 31. Nc2 Kf8 32. Nfd4 Ke7 33.
Rb2 Nc7 34. f4 f6 35. Kf2 Kd7 36. Ke3 Kc8 37. Kd2 Ra5 38. Bf3 Nd7 39. h4 h6 40.
Rb1 Ra6 41. Nb4 Ra5 42. Rc1 Rc5 43. Rxc5 Nxc5 44. Nxd5 Nxd5 45. Bxd5 h5 46.
gxh5 Bxh5 47. Nf5 g6 48. Ng3 b5 49. f5 1-0

[Event "España tch División de Honor 2014"]
[Site "Linares ESP"]
[Date "2014.09.09"]
[Round "6.3"]
[White "Vassallo Barroche, Mauricio"]
[Black "Spraggett, Kevin"]
[Result "1/2-1/2"]
[WhiteElo "2424"]
[BlackElo "2564"]
[PlyCount "62"]
[EventDate "2014.09.04"]
[EventType "team-tourn"]
[EventRounds "7"]
[EventCountry "ESP"]
[Source "lmi"]
[SourceDate "2014.09.04"]
[WhiteTeam "C. E.  BARBERA"]
[BlackTeam "ESCOLA D'ESCACS DE BARCELONA"]

1. Nf3 Nf6 2. c4 e6 3. g3 d5 4. Bg2 Be7 5. O-O O-O 6. d4 Nbd7 7. Qc2 c6 8. Nbd2
b6 9. e4 Bb7 10. Re1 Rc8 11. e5 Ne8 12. cxd5 cxd5 13. Qd1 Ba6 14. Nf1 Nb8 15.
Bd2 Bd3 16. Bg5 Be4 17. Bxe7 Qxe7 18. Rc1 Rxc1 19. Qxc1 Bxf3 20. Bxf3 Nc7 21.
Qd2 a5 22. Rc1 Nb5 23. Be2 Na7 24. Ne3 Nbc6 25. f4 f6 26. a3 Kh8 27. Ng4 Qd8
28. Qe3 f5 29. Nf2 Qd7 30. Nd1 Rc8 31. Ra1 Nb8 1/2-1/2

[Event "España tch División de Honor 2014"]
[Site "Linares ESP"]
[Date "2014.09.09"]
[Round "6.3"]
[White "Cruz, Cristhian"]
[Black "Alonso Moyano, Jonathan"]
[Result "1-0"]
[WhiteElo "2569"]
[BlackElo "2402"]
[PlyCount "67"]
[EventDate "2014.09.04"]
[EventType "team-tourn"]
[EventRounds "7"]
[EventCountry "ESP"]
[Source "lmi"]
[SourceDate "2014.09.04"]
[WhiteTeam "ESCOLA D'ESCACS DE BARCELONA"]
[BlackTeam "C. E.  BARBERA"]

1. d4 d5 2. c4 c6 3. Nf3 Nf6 4. Nc3 dxc4 5. a4 Bf5 6. e3 e6 7. Bxc4 Bb4 8. O-O
O-O 9. Nh4 Bg6 10. Nxg6 hxg6 11. Qc2 a5 12. Rd1 Na6 13. e4 Be7 14. h3 Nb4 15.
Qe2 Qc7 16. Be3 Rfd8 17. Rac1 b6 18. d5 exd5 19. exd5 Bc5 20. Bxc5 bxc5 21.
dxc6 Nxc6 22. Nb5 Qe5 23. Qf3 Rac8 24. Rxd8+ Nxd8 25. b3 Ne6 26. Qb7 Rd8 27.
Qb6 Rd2 28. Bxe6 fxe6 29. Rf1 Ne4 30. Nc7 Rd6 31. Qb8+ Kh7 32. Nb5 Rd5 33. Qxe5
Rxe5 34. Re1 1-0

[Event "España tch División de Honor 2014"]
[Site "Linares ESP"]
[Date "2014.09.09"]
[Round "6.3"]
[White "Guramishvili, Sopiko"]
[Black "Gual Pascual, Antonio"]
[Result "0-1"]
[WhiteElo "2393"]
[BlackElo "2447"]
[PlyCount "74"]
[EventDate "2014.09.04"]
[EventType "team-tourn"]
[EventRounds "7"]
[EventCountry "ESP"]
[Source "lmi"]
[SourceDate "2014.09.04"]
[WhiteTeam "C. E.  BARBERA"]
[BlackTeam "ESCOLA D'ESCACS DE BARCELONA"]

1. d4 g6 2. c4 Bg7 3. g3 d6 4. Nf3 Nd7 5. Bg2 e5 6. Nc3 Ne7 7. e4 O-O 8. O-O
exd4 9. Nxd4 Nc6 10. Nde2 Nc5 11. h3 a5 12. Be3 Re8 13. Nd4 Bd7 14. Qd2 a4 15.
Rab1 Nb4 16. Kh2 c6 17. f4 Qa5 18. f5 Nxa2 19. f6 Nxc3 20. bxc3 Bh8 21. Nf5
Bxf5 22. exf5 Ne4 23. Bxe4 Rxe4 24. Bd4 Rae8 25. Kh1 c5 26. Bg1 Qa6 27. Qd5
Qxc4 28. Qxd6 Re2 29. Rf4 Qxc3 30. fxg6 hxg6 31. Bf2 a3 32. Rxb7 a2 33. Rxf7
a1=Q+ 34. Kh2 Rxf2+ 35. Rxf2 Qce1 36. Rf8+ Rxf8 37. Qd5+ Rf7 0-1

[Event "España tch División de Honor 2014"]
[Site "Linares ESP"]
[Date "2014.09.09"]
[Round "6.3"]
[White "Avila Jimenez, Xavier"]
[Black "Bergez, Luc"]
[Result "0-1"]
[WhiteElo "2220"]
[BlackElo "2353"]
[PlyCount "91"]
[EventDate "2014.09.04"]
[EventType "team-tourn"]
[EventRounds "7"]
[EventCountry "ESP"]
[Source "lmi"]
[SourceDate "2014.09.04"]
[WhiteTeam "ESCOLA D'ESCACS DE BARCELONA"]
[BlackTeam "C. E.  BARBERA"]

1. d4 d5 2. c4 e5 3. dxe5 d4 4. Nf3 Nc6 5. a3 Nge7 6. Nbd2 Be6 7. g3 Qd7 8. Qb3
O-O-O 9. Bg2 Bh3 10. e6 Bxe6 11. Ne5 Qe8 12. Nd3 Ng6 13. O-O h5 14. Qa4 h4 15.
Ne4 hxg3 16. fxg3 Bh3 17. Bxh3+ Rxh3 18. Ndf2 Rh5 19. b4 f5 20. b5 Nb8 21. Ng5
Qxe2 22. Qd1 Re8 23. Qxe2 Rxe2 24. Nf3 c5 25. Bd2 Nd7 26. Rae1 Rxe1 27. Rxe1
Nf6 28. Ng5 Bd6 29. Ne6 Ne5 30. Kg2 Nxc4 31. Bc1 g6 32. Nd3 Ng4 33. h4 Nce3+
34. Kf3 b6 35. Ndf4 Bxf4 36. Nxf4 Rh6 37. Ng2 Ne5+ 38. Kf4 Nd3+ 39. Kg5 Nxe1
40. Kxh6 N1xg2 41. Kxg6 f4 42. h5 fxg3 43. h6 Nh4+ 44. Kf7 g2 45. h7 Ng6 46. a4
0-1

[Event "España tch División de Honor 2014"]
[Site "Linares ESP"]
[Date "2014.09.09"]
[Round "6.3"]
[White "Martinez Ramirez, Erik"]
[Black "Orteu Capdevila, Max"]
[Result "1-0"]
[WhiteElo "2286"]
[BlackElo "2080"]
[PlyCount "57"]
[EventDate "2014.09.04"]
[EventType "team-tourn"]
[EventRounds "7"]
[EventCountry "ESP"]
[Source "lmi"]
[SourceDate "2014.09.04"]
[WhiteTeam "C. E.  BARBERA"]
[BlackTeam "ESCOLA D'ESCACS DE BARCELONA"]

1. e4 c5 2. Nf3 d6 3. d4 cxd4 4. Nxd4 Nf6 5. Nc3 a6 6. f3 e6 7. Be3 b5 8. g4 b4
9. Nce2 h6 10. Qd2 Qc7 11. c3 bxc3 12. Nxc3 Bb7 13. Rc1 Qd7 14. Ncb5 Nc6 15.
Nxc6 Bxc6 16. Na7 Nxe4 17. fxe4 Bxe4 18. Bxa6 Rxa7 19. Rc8+ Ke7 20. Bxa7 Bxh1
21. Bb8 Kf6 22. Qf4+ Kg6 23. Rc7 Qe8 24. Rxf7 d5 25. Bd3+ Be4 26. Bxe4+ dxe4
27. Rb7 Qc6 28. Qf7+ Kg5 29. Qh5+ 1-0

[Event "España tch División de Honor 2014"]
[Site "Linares ESP"]
[Date "2014.09.09"]
[Round "6.4"]
[White "Bacrot, Etienne"]
[Black "Giri, Anish"]
[Result "0-1"]
[WhiteElo "2729"]
[BlackElo "2758"]
[PlyCount "86"]
[EventDate "2014.09.04"]
[EventType "team-tourn"]
[EventRounds "7"]
[EventCountry "ESP"]
[Source "lmi"]
[SourceDate "2014.09.04"]
[WhiteTeam "GROS XAKE TALDEA"]
[BlackTeam "SESTAO NATURGAS ENERGIA"]

1. d4 d5 2. c4 c6 3. Nf3 Nf6 4. Nc3 e6 5. Bg5 h6 6. Bxf6 Qxf6 7. e3 g6 8. Bd3
Bg7 9. e4 O-O 10. O-O Qd8 11. e5 dxc4 12. Bxc4 c5 13. dxc5 Nd7 14. Qe2 Nxc5 15.
Rad1 Qe7 16. Rd6 b6 17. Rfd1 Nb7 18. R6d2 Na5 19. Bd3 Bb7 20. Be4 Rad8 21. Rd6
Bxe4 22. Nxe4 Nb7 23. Rxd8 Rxd8 24. h4 Rxd1+ 25. Qxd1 Nc5 26. Qc2 Nxe4 27. Qxe4
Qc7 28. Qd4 Qc2 29. a3 Bf8 30. Qd2 Qb1+ 31. Kh2 a5 32. g4 Kg7 33. Kg3 a4 34.
Ne1 Be7 35. f3 b5 36. f4 Qe4 37. Nf3 Bc5 38. Qd8 Qe2 39. Qf6+ Kg8 40. Qd8+ Kh7
41. Qa8 Be3 42. Qb7 Kg7 43. f5 Qf2+ 0-1

[Event "España tch División de Honor 2014"]
[Site "Linares ESP"]
[Date "2014.09.09"]
[Round "6.4"]
[White "Fressinet, Laurent"]
[Black "Van Wely, Loek"]
[Result "1/2-1/2"]
[WhiteElo "2712"]
[BlackElo "2650"]
[PlyCount "84"]
[EventDate "2014.09.04"]
[EventType "team-tourn"]
[EventRounds "7"]
[EventCountry "ESP"]
[Source "lmi"]
[SourceDate "2014.09.04"]
[WhiteTeam "SESTAO NATURGAS ENERGIA"]
[BlackTeam "GROS XAKE TALDEA"]

1. d4 Nf6 2. Nf3 d5 3. c4 e6 4. Bg5 h6 5. Bxf6 Qxf6 6. Nc3 c6 7. Qb3 Nd7 8. e4
dxe4 9. Nxe4 Qf4 10. Bd3 e5 11. O-O Be7 12. Rfe1 exd4 13. Bc2 O-O 14. Qd3 g6
15. Qxd4 Nf6 16. Rad1 Be6 17. Nc3 Nh5 18. Bxg6 Rfd8 19. Qxf4 Nxf4 20. Bc2 Bf6
21. Re4 Bxc3 22. bxc3 Rxd1+ 23. Bxd1 Rd8 24. Nd4 c5 25. Rxf4 cxd4 26. Rxd4 Rxd4
27. cxd4 Bxc4 28. a3 b5 29. f4 a5 30. Kf2 a4 31. Bc2 b4 32. axb4 a3 33. Bb1 f5
34. h3 h5 35. Kg3 Kg7 36. Kh4 Kg6 37. g4 hxg4 38. hxg4 a2 39. Bxa2 Bxa2 40. b5
fxg4 41. b6 Bd5 42. Kxg4 Kf6 1/2-1/2

[Event "España tch División de Honor 2014"]
[Site "Linares ESP"]
[Date "2014.09.09"]
[Round "6.4"]
[White "Sokolov, Ivan"]
[Black "Edouard, Romain"]
[Result "1/2-1/2"]
[WhiteElo "2646"]
[BlackElo "2674"]
[PlyCount "111"]
[EventDate "2014.09.04"]
[EventType "team-tourn"]
[EventRounds "7"]
[EventCountry "ESP"]
[Source "lmi"]
[SourceDate "2014.09.04"]
[WhiteTeam "GROS XAKE TALDEA"]
[BlackTeam "SESTAO NATURGAS ENERGIA"]

1. d4 d5 2. c4 dxc4 3. e3 Nf6 4. Bxc4 e6 5. Nf3 c5 6. O-O a6 7. a4 b6 8. Qe2
Bb7 9. Rd1 Qc7 10. Nc3 Be7 11. Bd2 O-O 12. Rac1 Rd8 13. Bd3 Nc6 14. Ne4 Nxe4
15. Bxe4 a5 16. Bc3 Nb4 17. Bxb7 Qxb7 18. Bxb4 axb4 19. dxc5 Bxc5 20. b3 Rd5
21. Rxd5 Qxd5 22. Qc4 Rd8 23. Qxd5 Rxd5 24. Kf1 Rd3 25. Nd4 Rd2 26. a5 Kf8 27.
Nc6 Ra2 28. Rc4 g5 29. axb6 Bxb6 30. h4 gxh4 31. Rxb4 Bc5 32. Rxh4 Rb2 33. b4
Be7 34. Rc4 h5 35. g3 Ke8 36. Nxe7 Kxe7 37. Rc7+ Kf6 38. Rb7 e5 39. b5 Rb1+ 40.
Kg2 e4 41. b6 Kg6 42. Rb8 Kf5 43. b7 Kf6 44. f4 exf3+ 45. Kxf3 Rb4 46. e4 Rb3+
47. Kg2 Rb1 48. e5+ Kg7 49. Kf3 Rb4 50. Ke3 Kh7 51. Kd3 Kg7 52. Kc3 Rb1 53. Kd4
Rb2 54. Ke4 Rb1 55. Kf4 Rb3 56. Ke4 1/2-1/2

[Event "España tch División de Honor 2014"]
[Site "Linares ESP"]
[Date "2014.09.09"]
[Round "6.4"]
[White "Rodshtein, Maxim"]
[Black "Franco Alonso, Alejandro"]
[Result "1-0"]
[WhiteElo "2678"]
[BlackElo "2471"]
[PlyCount "97"]
[EventDate "2014.09.04"]
[EventType "team-tourn"]
[EventRounds "7"]
[EventCountry "ESP"]
[Source "lmi"]
[SourceDate "2014.09.04"]
[WhiteTeam "SESTAO NATURGAS ENERGIA"]
[BlackTeam "GROS XAKE TALDEA"]

1. c4 Nf6 2. Nf3 e6 3. g3 d5 4. Bg2 Be7 5. O-O O-O 6. d4 c6 7. Qc2 b6 8. Nbd2
Bb7 9. e4 Na6 10. a3 c5 11. exd5 exd5 12. Rd1 Qc8 13. dxc5 Nxc5 14. b4 Ne6 15.
Bb2 dxc4 16. Qxc4 Bd5 17. Qxc8 Raxc8 18. Nh4 Rfd8 19. Nf5 Kf8 20. Nxe7 Kxe7 21.
Nf3 Rc2 22. Bxf6+ Kxf6 23. Ne1 Ra2 24. Rxa2 Bxa2 25. Rxd8 Nxd8 26. f4 Ke7 27.
Kf2 Kd6 28. Ke3 Bd5 29. Bf1 Nc6 30. Kd3 a5 31. Kc3 axb4+ 32. axb4 f6 33. Nc2 g5
34. Bd3 gxf4 35. gxf4 h6 36. Ne3 Be6 37. f5 Bc8 38. Ng4 Ne7 39. Nxh6 Nd5+ 40.
Kc4 Ba6+ 41. b5 Bb7 42. Ng4 Ke7 43. Be4 Ne3+ 44. Nxe3 Bxe4 45. Kd4 Bb1 46. h4
Ba2 47. Nd5+ Kf7 48. Nxb6 Bb1 49. Nc4 1-0

[Event "España tch División de Honor 2014"]
[Site "Linares ESP"]
[Date "2014.09.09"]
[Round "6.4"]
[White "Gonzalez De La Torre, Santiago"]
[Black "Salgado Lopez, Ivan"]
[Result "0-1"]
[WhiteElo "2450"]
[BlackElo "2619"]
[PlyCount "60"]
[EventDate "2014.09.04"]
[EventType "team-tourn"]
[EventRounds "7"]
[EventCountry "ESP"]
[Source "lmi"]
[SourceDate "2014.09.04"]
[WhiteTeam "GROS XAKE TALDEA"]
[BlackTeam "SESTAO NATURGAS ENERGIA"]

1. e4 c5 2. Nf3 d6 3. d4 cxd4 4. Nxd4 Nf6 5. Nc3 a6 6. Bg5 Nbd7 7. f4 e5 8. Nf5
Qb6 9. Bc4 Qxb2 10. Nd5 Nxd5 11. Qxd5 f6 12. O-O fxg5 13. Rab1 Qa3 14. Qf7+ Kd8
15. fxg5 g6 16. Rb3 Qc5+ 17. Ne3 Be7 18. h4 Nb6 19. Qg7 Re8 20. Bf7 Bd7 21. Kh2
Rf8 22. Rd1 Bc6 23. Bd5 Kd7 24. Rdb1 Rf4 25. g3 Rf2+ 26. Kh3 Bxd5 27. exd5 Nxd5
28. c4 Nf4+ 29. gxf4 b5 30. Rd3 Rf3+ 0-1

[Event "España tch División de Honor 2014"]
[Site "Linares ESP"]
[Date "2014.09.09"]
[Round "6.4"]
[White "Romero Holmes, Alfonso"]
[Black "Argandona Riveiro, Inigo"]
[Result "1/2-1/2"]
[WhiteElo "2488"]
[BlackElo "2434"]
[PlyCount "65"]
[EventDate "2014.09.04"]
[EventType "team-tourn"]
[EventRounds "7"]
[EventCountry "ESP"]
[Source "lmi"]
[SourceDate "2014.09.04"]
[WhiteTeam "SESTAO NATURGAS ENERGIA"]
[BlackTeam "GROS XAKE TALDEA"]

1. d4 d6 2. e4 Nf6 3. Nc3 e5 4. dxe5 dxe5 5. Qxd8+ Kxd8 6. f4 Nbd7 7. Nf3 Bd6
8. fxe5 Nxe5 9. Bg5 Ke8 10. O-O-O a6 11. Bxf6 gxf6 12. Nd4 Ng4 13. Rd2 Bf4 14.
Nd5 Bxd2+ 15. Kxd2 Kd8 16. Bd3 c6 17. Nb6 Rb8 18. a4 Be6 19. b4 Rg8 20. g3 Kc7
21. a5 Rbd8 22. Kc3 Rd6 23. Ne2 Ne5 24. Rf1 Bh3 25. Rf4 h5 26. Rf2 Ng4 27. Rf4
Rg5 28. Nc4 Rd8 29. Nb6 Rd6 30. Nc4 Rd7 31. Nb6 Rd6 32. Nc4 Rd7 33. Nb6 1/2-1/2

[Event "España tch División de Honor 2014"]
[Site "Linares ESP"]
[Date "2014.09.10"]
[Round "7.1"]
[White "Narciso Dublan, Marc"]
[Black "Bacrot, Etienne"]
[Result "1/2-1/2"]
[WhiteElo "2524"]
[BlackElo "2729"]
[PlyCount "62"]
[EventDate "2014.09.04"]
[EventType "team-tourn"]
[EventRounds "7"]
[EventCountry "ESP"]
[Source "lmi"]
[SourceDate "2014.09.04"]
[WhiteTeam "C. E.  BARBERA"]
[BlackTeam "GROS XAKE TALDEA"]

1. e4 e5 2. Nc3 Nf6 3. g3 d5 4. exd5 Nxd5 5. Bg2 Nxc3 6. bxc3 Nc6 7. Nf3 Bc5 8.
O-O O-O 9. d3 Bg4 10. h3 Bh5 11. g4 Bg6 12. Ng5 Be7 13. Ne4 f5 14. gxf5 Bxf5
15. Ng3 Be6 16. Be4 g6 17. Kg2 Bc5 18. f3 Qh4 19. Rh1 Nd8 20. Qe1 Be7 21. Bd2
Rb8 22. Nf1 Nf7 23. Qxh4 Bxh4 24. Be3 b6 25. Nd2 Nd6 26. a4 Nf5 27. Bf2 Bg5 28.
Nc4 Bxc4 29. dxc4 Ne3+ 30. Bxe3 Bxe3 31. Rhd1 Rbd8 1/2-1/2

[Event "España tch División de Honor 2014"]
[Site "Linares ESP"]
[Date "2014.09.10"]
[Round "7.1"]
[White "Van Wely, Loek"]
[Black "Vassallo Barroche, Mauricio"]
[Result "1/2-1/2"]
[WhiteElo "2650"]
[BlackElo "2424"]
[PlyCount "83"]
[EventDate "2014.09.04"]
[EventType "team-tourn"]
[EventRounds "7"]
[EventCountry "ESP"]
[Source "lmi"]
[SourceDate "2014.09.04"]
[WhiteTeam "GROS XAKE TALDEA"]
[BlackTeam "C. E.  BARBERA"]

1. d4 d6 2. Nf3 g6 3. c4 Bg7 4. g3 Nf6 5. Bg2 O-O 6. O-O Nc6 7. Nc3 Rb8 8. d5
Na5 9. Nd2 c5 10. Qc2 a6 11. b3 b5 12. Bb2 e5 13. Rab1 h5 14. h3 Nh7 15. e4 h4
16. Ne2 hxg3 17. fxg3 Bd7 18. Bc3 Nb7 19. Nf3 Ng5 20. Nxg5 Qxg5 21. Bd2 Qe7 22.
g4 f6 23. Rf3 Nd8 24. Rbf1 Nf7 25. Qc1 Rb7 26. Nc3 Rfb8 27. R1f2 Rf8 28. Bf1
Ng5 29. Bxg5 fxg5 30. Rxf8+ Bxf8 31. cxb5 axb5 32. a4 bxa4 33. bxa4 Qd8 34. Bb5
Bxb5 35. Nxb5 Qa5 36. Qc4 Be7 37. Kf1 Rb8 38. Ke2 Ra8 39. Nc3 Rb8 40. Nb5 Ra8
41. Nc3 Rb8 42. Nb5 1/2-1/2

[Event "España tch División de Honor 2014"]
[Site "Linares ESP"]
[Date "2014.09.10"]
[Round "7.1"]
[White "Alonso Moyano, Jonathan"]
[Black "Sokolov, Ivan"]
[Result "0-1"]
[WhiteElo "2402"]
[BlackElo "2646"]
[PlyCount "70"]
[EventDate "2014.09.04"]
[EventType "team-tourn"]
[EventRounds "7"]
[EventCountry "ESP"]
[Source "lmi"]
[SourceDate "2014.09.04"]
[WhiteTeam "C. E.  BARBERA"]
[BlackTeam "GROS XAKE TALDEA"]

1. e4 e5 2. Nf3 Nc6 3. Bc4 Nf6 4. Ng5 d5 5. exd5 Na5 6. Bb5+ c6 7. dxc6 bxc6 8.
Bd3 Nd5 9. Nf3 Bd6 10. O-O O-O 11. Re1 Bg4 12. h3 Bh5 13. Be2 Nf4 14. d3 Nxe2+
15. Qxe2 f5 16. Nbd2 c5 17. Nf1 Nc6 18. c3 h6 19. Ng3 Bg6 20. d4 exd4 21. cxd4
Re8 22. Qf1 Nxd4 23. Nxd4 cxd4 24. Rxe8+ Qxe8 25. Bd2 f4 26. Nh1 d3 27. f3 Qb5
28. b3 Re8 29. Rd1 Re2 30. Kh2 Qg5 31. b4 Bf5 32. Nf2 Qg3+ 33. Kg1 Bc7 34. Be1
Bb6 35. Rd2 Bxh3 0-1